| 000 | 00434nam a22001697a 4500 | ||
|---|---|---|---|
| 003 | OSt | ||
| 008 | 250403b |||||||| |||| 00| 0 eng d | ||
| 020 | _a9789392211133 | ||
| 082 | _a658.1511 KIC | ||
| 100 | _aKISHORE, Ravi M. | ||
| 245 | _aCost & Management Accounting | ||
| 250 | _a6th. Reprint ed. | ||
| 260 |
_aNew Delhi, _bTaxmann's Publications Pvt. Ltd. _c2025, |
||
| 300 | _a884 p. | ||
| 650 | _aCommerce | ||
| 942 |
_2ddc _cBK |
||
| 999 |
_c13239 _d13239 |
||